[Event "Anderlecht - Eynatten 2"]
[Site "Anderlecht"]
[Date "2013.02.17"]
[Round "9.1"]
[White "Hovhanisian, Mher"]
[Black "Balduan, Markus"]
[Result "1/2-1/2"]
[WhiteElo "2500"]
[BlackElo "2288"]
[PlyCount "111"]
[EventDate "2013.??.??"]

1. d4 d5 2. c4 dxc4 3. Nf3 a6 4. a4 Nf6 5. e3 Bg4 6. Bxc4 e6 7. Qb3 Bxf3 8.
gxf3 Nbd7 9. Nc3 Nb6 10. Be2 a5 11. f4 Bb4 12. Bf3 Nbd5 13. O-O h5 14. h3 Ra6
15. e4 Ne7 16. Be3 Nd7 17. Rfd1 Ng6 18. Ne2 Qh4 19. Bg2 O-O 20. Rac1 c6 21. Rc2
Raa8 22. Bc1 Rad8 23. Qg3 Nc5 24. f5 Qxg3 25. fxg3 exf5 26. exf5 Ne7 27. f6
gxf6 28. Rf1 Ne6 29. Rxf6 Kg7 30. Rh6 Rh8 31. Rxh8 Kxh8 32. Bf3 h4 33. gxh4 Nf5
34. Bg4 Nfxd4 35. Nxd4 Nxd4 36. Bg5 Nxc2 37. Bxd8 b5 38. Bf6+ Kg8 39. axb5 cxb5
40. Kf2 Bc5+ 41. Ke2 Bd4 42. Bd8 Bxb2 43. Bxa5 Nd4+ 44. Kd3 f5 45. Bd1 Kg7 46.
h5 Ne6 47. Bd2 Be5 48. h4 Bf6 49. h6+ Kh7 50. h5 Be5 51. Bc2 Bf4 52. Bxf4 Nxf4+
53. Kd4 Kxh6 54. Bxf5 Kxh5 55. Kc5 Kg5 56. Kxb5 1/2-1/2

[Event "Anderlecht - Deurne"]
[Site "?"]
[Date "2013.03.03"]
[Round "10.8"]
[White "Tonoli, Walter"]
[Black "Du Pont, David"]
[Result "0-1"]
[WhiteElo "2200"]
[BlackElo "2096"]
[PlyCount "80"]
[EventDate "2013.01.05"]

1. c4 c5 2. g3 g6 3. Bg2 Bg7 4. Nc3 Nc6 5. a3 a6 6. Rb1 Rb8 7. b4 cxb4 8. axb4
b5 9. cxb5 axb5 10. e4 e5 11. Nge2 Nge7 12. h4 O-O 13. h5 d5 14. Nxd5 Nxd5 15.
exd5 Ne7 16. Qb3 Bb7 17. Nc3 Qd7 18. hxg6 hxg6 19. d3 Rfd8 20. Bg5 Nxd5 21. Ne4
Re8 22. Nc5 Qg4 23. Nxb7 Nf4 24. O-O Ne2+ 25. Kh2 Qxg5 26. Nd6 Qh5+ 27. Bh3 Re6
28. Ne4 g5 29. f3 Rh6 30. Nf2 Qxf3 31. Ne4 Qh5 32. Nxg5 Qxg5 33. Qxf7+ Kh8 34.
Rf3 Rf8 35. Qd5 Rxf3 36. Qxf3 Nd4 37. Qa8+ Kh7 38. Rg1 Qg4 39. Qe4+ Qxe4 40.
dxe4 Nf3+ 0-1

[Event "Anderlecht - Deurne"]
[Site "?"]
[Date "2013.03.03"]
[Round "10.4"]
[White "De Wit, Michel"]
[Black "Penson, Thierry"]
[Result "0-1"]
[WhiteElo "2295"]
[BlackElo "2214"]
[PlyCount "46"]
[EventDate "2013.01.05"]

1. e4 c5 2. c3 Nf6 3. e5 Nd5 4. Nf3 d6 5. exd6 Qxd6 6. d4 cxd4 7. Nxd4 a6 8.
Qa4+ Nd7 9. Be2 e5 10. Nf3 Rb8 11. O-O Be7 12. Rd1 Qc6 13. Qb3 Nf4 14. Bc4 O-O
15. Bxf7+ Rxf7 16. Rxd7 Qf6 17. Rd2 Bg4 18. Qc4 Bxf3 19. gxf3 Qg6+ 20. Kf1 Qg2+
21. Ke1 Qxf3 22. Rc2 Nd3+ 23. Kf1 Qd1+ 0-1

[Event "Anderlecht - Deurne"]
[Site "?"]
[Date "2013.03.03"]
[Round "10.2"]
[White "Renette, Hans"]
[Black "Sadkowski, Daniel"]
[Result "1-0"]
[WhiteElo "2344"]
[BlackElo "2338"]
[PlyCount "71"]
[EventDate "2013.01.05"]

1. d4 d5 2. c4 e6 3. Nf3 c6 4. e3 f5 5. Bd3 Nf6 6. O-O Bd6 7. b3 Qe7 8. Bb2 O-O
9. Qc1 b6 10. Ba3 Bb7 11. Bxd6 Qxd6 12. Qa3 Qxa3 13. Nxa3 Nbd7 14. cxd5 Nxd5
15. Rfc1 h6 16. Nc4 c5 17. Bf1 a5 18. dxc5 bxc5 19. Nce5 Nxe5 20. Nxe5 Rfc8 21.
Bb5 Rc7 22. Bd7 Ra6 23. Bb5 Ra8 24. Bd7 Ra6 25. Rc4 Rd6 26. Bb5 Rb6 27. Be8 Nf6
28. Ba4 Rb4 29. Rac1 Bd5 30. Rxc5 Rxc5 31. Rxc5 Re4 32. Ng6 Rg4 33. Rc8+ Kh7
34. Nf8+ Kg8 35. Nxe6+ Kh7 36. Nf4 1-0

[Event "Anderlecht - CREC"]
[Site "Anderlecht"]
[Date "2012.11.18"]
[Round "4.7"]
[White "Tonoli, Walter"]
[Black "Israel, Gregory"]
[Result "1/2-1/2"]
[WhiteElo "2200"]
[BlackElo "2103"]
[PlyCount "55"]
[EventDate "2012.??.??"]

1. c4 c6 2. b3 d5 3. Bb2 Bf5 4. g3 e6 5. Bg2 Nf6 6. d3 Bb4+ 7. Nd2 dxc4 8. bxc4
Nbd7 9. Ngf3 O-O 10. O-O h6 11. Rb1 Qa5 12. Qc2 Rab8 13. Nb3 Qa4 14. Ne5 Bd6
15. Nxd7 Nxd7 16. f4 Bh7 17. Qc3 Nf6 18. c5 Be7 19. e4 Rfe8 20. Rfe1 b6 21.
cxb6 axb6 22. Red1 c5 23. Nd2 b5 24. Kh1 Bf8 25. Bf3 Qa7 26. Qc2 Be7 27. Be5
Rb7 28. Nb3 1/2-1/2

[Event "Anderlecht - CREC"]
[Site "Anderlecht"]
[Date "2012.11.18"]
[Round "4.5"]
[White "Roofthoofd, Marcel"]
[Black "Bauduin, Etienne"]
[Result "1/2-1/2"]
[WhiteElo "2240"]
[BlackElo "2249"]
[PlyCount "36"]
[EventDate "2012.??.??"]

1. e4 e6 2. d4 d5 3. e5 c5 4. c3 Nc6 5. Nf3 Nge7 6. Bd3 cxd4 7. cxd4 Nf5 8.
Bxf5 exf5 9. Nc3 Be6 10. O-O Be7 11. a3 Rc8 12. b4 a5 13. Qb3 axb4 14. axb4 O-O
15. Ba3 Qb6 16. Na4 Qb5 17. Nc3 Qb6 18. Na4 Qb5 1/2-1/2

[Event "Anderlecht - Amay"]
[Site "?"]
[Date "2012.10.21"]
[Round "3.8"]
[White "Rihouay, Clement"]
[Black "Lafosse, Jimmy"]
[Result "1-0"]
[WhiteElo "2193"]
[BlackElo "2163"]
[PlyCount "115"]
[EventDate "2012.??.??"]

1. e4 e6 2. d4 d5 3. Nc3 Be7 4. Be3 dxe4 5. Nxe4 Nf6 6. Nxf6+ Bxf6 7. Nf3 O-O
8. c3 b6 9. Bd3 Bb7 10. Qc2 h6 11. O-O-O Nd7 12. h4 Re8 13. Bh7+ Kh8 14. Ng5
Re7 15. Be4 Bxe4 16. Nxe4 Qf8 17. g4 g6 18. g5 Bg7 19. h5 hxg5 20. hxg6+ Kg8
21. gxf7+ Qxf7 22. Bxg5 Nf6 23. Rdg1 Kf8 24. Bh4 Bh8 25. Nxf6 Bxf6 26. Qe4 Rd8
27. Bxf6 Qxf6 28. Rg6 Qf5 29. Rh8+ Kf7 30. Qxf5+ exf5 31. Rh7+ Kxg6 32. Rxe7
Rc8 33. Kd2 Kf6 34. Rh7 f4 35. Ke2 c5 36. dxc5 bxc5 37. Rxa7 c4 38. Ra4 Rb8 39.
Rb4 Rc8 40. Kf3 Ke5 41. a4 Kd5 42. Kxf4 Rf8+ 43. Ke3 Re8+ 44. Kd2 Rf8 45. Ke2
Re8+ 46. Kf1 Rc8 47. f3 Ke5 48. Kf2 Kd5 49. a5 Ra8 50. Ra4 Ra6 51. f4 Kc5 52.
Kf3 Kb5 53. Ra2 Kc5 54. Ke4 Re6+ 55. Kf5 Ra6 56. Kg5 Kd5 57. Ra4 Ra8 58. a6 1-0

[Event "Anderlecht - Amay"]
[Site "?"]
[Date "2012.10.21"]
[Round "3.6"]
[White "Roofthoofd, Marcel"]
[Black "Schut, Lisa"]
[Result "1/2-1/2"]
[WhiteElo "2233"]
[BlackElo "2299"]
[PlyCount "30"]
[EventDate "2012.??.??"]

1. e4 c5 2. Nf3 d6 3. d4 cxd4 4. Nxd4 Nf6 5. Nc3 a6 6. f4 e5 7. Nf3 Nc6 8. fxe5
Nxe5 9. Nxe5 dxe5 10. Qxd8+ Kxd8 11. Bg5 Be6 12. O-O-O+ Ke8 13. Bxf6 gxf6 14.
Nd5 Bxd5 15. Rxd5 Bh6+ 1/2-1/2

[Event "Anderlecht - Amay"]
[Site "?"]
[Date "2012.10.21"]
[Round "3.4"]
[White "Maleki, Manuel"]
[Black "Moussard, Jules"]
[Result "0-1"]
[WhiteElo "2279"]
[BlackElo "2412"]
[PlyCount "70"]
[EventDate "2012.??.??"]

1. Nf3 d6 2. d4 g6 3. c4 Bg7 4. e4 Nd7 5. Be2 e5 6. O-O Ne7 7. Nc3 O-O 8. Be3
Nc6 9. d5 Ne7 10. Nd2 f5 11. f3 f4 12. Bf2 Rf7 13. b4 b6 14. a4 g5 15. a5 bxa5
16. Rxa5 c5 17. Nb5 cxb4 18. Nb3 Nc5 19. Rxa7 Rxa7 20. Nxa7 Na4 21. Qd2 Nc3 22.
Nb5 Nxe2+ 23. Qxe2 g4 24. fxg4 Ng6 25. Qd2 Bxg4 26. Qxb4 Bf8 27. Nd2 Qg5 28.
Kh1 f3 29. gxf3 Rxf3 30. Bg3 Rxf1+ 31. Nxf1 Nf4 32. Qa3 Be2 33. Kg1 Bxc4 34.
Nc7 Qg4 35. Kf2 Qe2+ 0-1

[Event "Anderlecht - Amay"]
[Site "?"]
[Date "2012.10.21"]
[Round "3.2"]
[White "De Wit, Michel"]
[Black "Zaragatski, Ilja"]
[Result "1/2-1/2"]
[WhiteElo "2272"]
[BlackElo "2462"]
[PlyCount "38"]
[EventDate "2012.??.??"]

1. e4 e5 2. Nf3 d6 3. d4 exd4 4. Nxd4 Nf6 5. Nc3 Be7 6. Be2 O-O 7. O-O Re8 8.
f4 Bf8 9. Bf3 c5 10. Nde2 Nc6 11. h3 Bd7 12. Be3 d5 13. e5 d4 14. Bf2 dxc3 15.
Nxc3 Nd4 16. Bxd4 cxd4 17. Qxd4 Qa5 18. Kh1 Bc5 19. Qd3 Rad8 1/2-1/2

[Event "Anderlecht  - Wirtzfeld"]
[Site "?"]
[Date "2012.09.23"]
[Round "1.8"]
[White "Sohet, Cedric"]
[Black "Voicu, Carmen"]
[Result "0-1"]
[WhiteElo "1677"]
[BlackElo "2290"]
[PlyCount "82"]
[EventDate "2012.09.15"]

1. e4 c5 2. Nf3 e6 3. d3 Nc6 4. Nbd2 d5 5. g3 Bd6 6. Bg2 Nge7 7. O-O O-O 8. Re1
Bc7 9. Nf1 b5 10. h4 f6 11. h5 c4 12. h6 g6 13. Ne3 d4 14. Nf1 e5 15. a3 Be6
16. Bd2 a5 17. N1h2 a4 18. g4 Rc8 19. g5 f5 20. exf5 gxf5 21. Nxe5 Nxe5 22. f4
cxd3 23. fxe5 dxc2 24. Qxc2 Bxe5 25. Qd3 Bc4 26. Qh3 Ng6 27. Nf3 Bh8 28. Nh4
Nxh4 29. Qxh4 d3 30. Qh5 Bxb2 31. g6 Qb6+ 32. Kh1 hxg6 33. h7+ Kh8 34. Qh4 Rf7
35. Bh6 Qf6 36. Bg5 Qd4 37. Bb7 Rxh7 38. Qxh7+ Kxh7 39. Re7+ Kg8 40. Rg1 Bd5+
41. Bxd5+ Qxd5+ 0-1

[Event "Anderlecht  - Eynatten 1"]
[Site "Anderlecht"]
[Date "2013.01.13"]
[Round "7.7"]
[White "Spaan, Nathanael"]
[Black "Coenen, Norbert"]
[Result "1/2-1/2"]
[WhiteElo "2220"]
[BlackElo "2357"]
[PlyCount "102"]
[EventDate "2013.??.??"]

1. e4 c5 2. Nf3 e6 3. d4 cxd4 4. Nxd4 Nf6 5. Nc3 d6 6. Be2 Be7 7. O-O Nc6 8.
Be3 Bd7 9. f4 Nxd4 10. Bxd4 Bc6 11. Bd3 O-O 12. Qe2 Nd7 13. Rad1 Qa5 14. Bc4
Bf6 15. Kh1 Rad8 16. Bb3 a6 17. Rd2 b5 18. a3 Qc7 19. Rfd1 Bxd4 20. Rxd4 Nc5
21. Qd2 Qb7 22. e5 d5 23. Ba2 Rc8 24. b4 Ne4 25. Nxe4 dxe4 26. Qe3 g6 27. c4
bxc4 28. Bxc4 Rc7 29. h3 Rfc8 30. Rd8+ Kg7 31. f5 exf5 32. Qg5 Rxd8 33. Qf6+
Kh6 34. Qh4+ Kg7 35. Qf6+ Kh6 36. Rxd8 Rc8 37. Qh4+ Kg7 38. Qf6+ Kh6 39. Rxc8
Qxc8 40. Qxf7 Bb5 41. Bxb5 axb5 42. e6 Qc1+ 43. Kh2 Qf4+ 44. Kg1 Qe3+ 45. Kh1
Qc1+ 46. Kh2 Qf4+ 47. Kg1 e3 48. e7 e2 49. e8=Q Qf1+ 50. Kh2 Qf4+ 51. Kh1 Qf1+
1/2-1/2

[Event "Anderlecht  - Eynatten 1"]
[Site "Anderlecht"]
[Date "2013.01.13"]
[Round "7.5"]
[White "Van Overdam, Julian"]
[Black "Trella, Thomas"]
[Result "1-0"]
[WhiteElo "2285"]
[BlackElo "2429"]
[PlyCount "67"]
[EventDate "2013.??.??"]

1. e4 e6 2. d4 d5 3. Nd2 c5 4. Ngf3 a6 5. c3 cxd4 6. cxd4 dxe4 7. Nxe4 Nc6 8.
Bd3 Nb4 9. Bb1 Be7 10. O-O Nf6 11. Re1 O-O 12. Bg5 Nc6 13. Nc3 b5 14. a3 Bb7
15. Qd3 g6 16. Ba2 Re8 17. Rad1 Nh5 18. Bh6 b4 19. Ne4 bxa3 20. bxa3 Na5 21.
Ne5 Bd5 22. Bxd5 exd5 23. Nc3 Bxa3 24. Qf3 Ra7 25. Nxd5 Bf8 26. Bd2 f6 27. Bxa5
Qxa5 28. Ra1 Qd2 29. Qb3 Kg7 30. Qb6 Raa8 31. Nc7 Reb8 32. Qc6 Ra7 33. Red1 Qb4
34. Nd7 1-0

[Event "Anderlecht  - Eynatten 1"]
[Site "Anderlecht"]
[Date "2013.01.13"]
[Round "7.3"]
[White "Beeckmans, Felix"]
[Black "Hausrath, Daniel"]
[Result "1-0"]
[WhiteElo "2310"]
[BlackElo "2508"]
[PlyCount "91"]
[EventDate "2013.??.??"]

1. c4 e6 2. d4 d5 3. Nc3 Be7 4. cxd5 exd5 5. Qc2 Nf6 6. Bg5 O-O 7. e3 Nbd7 8.
Rd1 Re8 9. Bd3 c6 10. Nge2 Ne4 11. Bf4 Ndf6 12. f3 Nxc3 13. bxc3 Bd6 14. Bxd6
Qxd6 15. e4 dxe4 16. fxe4 Ng4 17. Qd2 Qf6 18. Ng3 Qh4 19. Qf4 g5 20. Qf3 f5 21.
Kd2 f4 22. h3 Qxg3 23. Qxg3 fxg3 24. hxg4 Bxg4 25. Rdf1 Rf8 26. Be2 h5 27. Bxg4
hxg4 28. Ke3 Kg7 29. c4 Rac8 30. e5 b5 31. cxb5 cxb5 32. Rxf8 Rxf8 33. d5 Rf5
34. Kd4 Rf2 35. Rg1 Kf7 36. a3 Ke7 37. Kc5 Re2 38. e6 Rc2+ 39. Kxb5 Kd6 40. Re1
Rc8 41. e7 Re8 42. Kc4 a5 43. Re6+ Kd7 44. Kb5 Rxe7 45. Rxe7+ Kxe7 46. Kc6 1-0

[Event "Anderlecht  - Eynatten 1"]
[Site "Anderlecht"]
[Date "2013.01.13"]
[Round "7.1"]
[White "Hovhanisian, Mher"]
[Black "Horvath, Cszabo"]
[Result "1/2-1/2"]
[WhiteElo "2500"]
[BlackElo "2557"]
[PlyCount "62"]
[EventDate "2013.??.??"]

1. d4 Nf6 2. c4 g6 3. Nc3 d5 4. cxd5 Nxd5 5. Nf3 Bg7 6. g3 Nb6 7. Bg2 Nc6 8.
O-O Nxd4 9. Nxd4 Qxd4 10. Qxd4 Bxd4 11. Nb5 Be5 12. Bf4 Bxf4 13. gxf4 Kd8 14.
Rfd1+ Nd7 15. Rac1 c6 16. Nd4 a5 17. b3 e6 18. a3 Ke7 19. e3 Ra6 20. b4 axb4
21. axb4 Rb6 22. Bxc6 bxc6 23. Nxc6+ Kf6 24. Na7 Rxb4 25. Nxc8 Nb6 26. Nxb6
Rxb6 27. Rc7 Rbb8 28. Rdd7 Rhf8 29. Kg2 Rbd8 30. Re7 Rde8 31. Red7 Rd8 1/2-1/2

[Event "Anderlecht  - CREC"]
[Site "Anderlecht"]
[Date "2012.11.18"]
[Round "4.3"]
[White "Maleki, Manuel"]
[Black "Laurent, Bruno"]
[Result "0-1"]
[WhiteElo "2280"]
[BlackElo "2339"]
[PlyCount "94"]
[EventDate "2012.??.??"]

1. Nf3 Nf6 2. c4 g6 3. Nc3 Bg7 4. e4 d6 5. d4 O-O 6. Be2 Na6 7. O-O e5 8. d5
Nc5 9. Nd2 a5 10. b3 Ne8 11. a3 f5 12. Rb1 Nf6 13. f3 Bd7 14. b4 axb4 15. axb4
Na4 16. Qc2 Bh6 17. Bd3 Be3+ 18. Kh1 Nxc3 19. Qxc3 Bd4 20. Qc2 f4 21. Nb3 Ba4
22. g4 g5 23. Qg2 Bxb3 24. Rxb3 Rf7 25. Bb2 Ra2 26. Bb1 Rxb2 27. Rxb2 Bxb2 28.
Qxb2 h5 29. gxh5 Rh7 30. Rg1 Rxh5 31. Kg2 Kf7 32. Kf1 Qh8 33. Rg2 Rh3 34. Kg1
Qh5 35. c5 Qxf3 36. Qc1 Qe3+ 37. Qxe3 Rxe3 38. Bc2 f3 39. Rf2 g4 40. c6 b6 41.
Kf1 Kg6 42. Rd2 Kg5 43. Bd3 Kf4 44. Kf2 Rxe4 45. Ra2 Rd4 46. Bf1 Ne4+ 47. Kg1
Rd1 0-1

[Event "Anderlecht  - CREC"]
[Site "Anderlecht"]
[Date "2012.11.18"]
[Round "4.1"]
[White "Carmeille, Ludovic"]
[Black "Houriez, Clément"]
[Result "1/2-1/2"]
[WhiteElo "2340"]
[BlackElo "2355"]
[PlyCount "56"]
[EventDate "2012.??.??"]

1. e4 c5 2. Nf3 d6 3. d4 Nf6 4. Nc3 cxd4 5. Nxd4 a6 6. h3 e5 7. Nde2 h5 8. Bg5
Be7 9. Bxf6 Bxf6 10. Nd5 Bg5 11. Nec3 Nc6 12. a4 Be6 13. Bc4 Rc8 14. O-O g6 15.
Kh1 O-O 16. Ba2 Qa5 17. Rb1 Nb4 18. Bb3 Rfd8 19. Qe1 Nxd5 20. Nxd5 Qxe1 21.
Rfxe1 Bxd5 22. Bxd5 Rxc2 23. Bxb7 a5 24. b4 Bd2 25. Re2 axb4 26. a5 b3 27. a6
Rc1+ 28. Rxc1 Bxc1 1/2-1/2

[Event "Amay - Zottegem"]
[Site "?"]
[Date "2012.11.18"]
[Round "4.6"]
[White "Noiroux, Kevin"]
[Black "Ghyselen, Wouter"]
[Result "1-0"]
[WhiteElo "2195"]
[BlackElo "2144"]
[PlyCount "81"]
[EventDate "2012.??.??"]

1. d4 Nf6 2. Nf3 e6 3. Bf4 c5 4. c3 cxd4 5. cxd4 b5 6. e3 a6 7. Be2 Be7 8. h3
O-O 9. O-O Bb7 10. a4 b4 11. a5 Nc6 12. Qa4 Na7 13. Nbd2 Bc6 14. Qd1 Bb5 15.
Nc4 Nc6 16. Nfe5 Nd5 17. Bh2 d6 18. Nxc6 Bxc6 19. e4 Nc7 20. d5 Bb5 21. dxe6
fxe6 22. Nb6 Rb8 23. Bxb5 Nxb5 24. Ra4 e5 25. Rxb4 Nd4 26. Rxd4 exd4 27. Qxd4
Kh8 28. b4 Qe8 29. Qd3 Qc6 30. Bg3 Rfd8 31. Qxa6 Qxe4 32. Qb5 Bf6 33. Rd1 Bd4
34. Qc4 Rxb6 35. Rxd4 Qe1+ 36. Kh2 Rbb8 37. Rxd6 Re8 38. Rd7 Rxb4 39. Qf7 Rg8
40. Re7 Qb1 41. Qxg7+ 1-0

[Event "Amay - Zottegem"]
[Site "?"]
[Date "2012.11.18"]
[Round "1.8"]
[White "Lafosse, Jimmy"]
[Black "Van Melkebeke, Willem"]
[Result "0-1"]
[WhiteElo "2163"]
[BlackElo "2077"]
[PlyCount "30"]
[EventDate "2012.??.??"]

1. d4 Nf6 2. Bg5 c5 3. dxc5 e6 4. Nc3 Bxc5 5. Ne4 Nxe4 6. Be3 Bxe3 7. fxe3 Qf6
8. Nf3 Qxb2 9. Qd4 Nc3 10. Rd1 Nxd1 11. Kxd1 Qxd4+ 12. exd4 d5 13. e3 Bd7 14.
Bd3 Nc6 15. Rf1 Nb4 0-1

[Event "Amay - Zottegem"]
[Site "?"]
[Date "2012.11.18"]
[Round "1.2"]
[White "Burg, Twan"]
[Black "Hamblok, Roel"]
[Result "0-1"]
[WhiteElo "2470"]
[BlackElo "2261"]
[PlyCount "44"]
[EventDate "2012.??.??"]

1. e4 c6 2. d4 d5 3. Nd2 dxe4 4. Nxe4 Bf5 5. Nc5 e5 6. Nxb7 Qb6 7. Nc5 exd4 8.
Nb3 Bb4+ 9. Bd2 Bxd2+ 10. Qxd2 c5 11. O-O-O Ne7 12. Qg5 Nbc6 13. Bd3 Bxd3 14.
cxd3 Nb4 15. Kb1 Nxa2 16. Re1 O-O 17. Nd2 Nd5 18. Kxa2 Nc3+ 19. bxc3 Rab8 20.
Nc4 Qb3+ 21. Ka1 Qa4+ 22. Na3 Qxa3# 0-1

[Event "Amay - Rochade "]
[Site "Eupen"]
[Date "2012.09.23"]
[Round "1.8"]
[White "Noiroux, Kevin"]
[Black "Huesmann, Thomas"]
[Result "1-0"]
[WhiteElo "2195"]
[BlackElo "2240"]
[PlyCount "89"]
[EventDate "2012.??.??"]

1. d4 f5 2. e4 fxe4 3. Nc3 Nf6 4. g4 h6 5. f3 d5 6. h3 c5 7. fxe4 dxe4 8. Bb5+
Bd7 9. dxc5 Qa5 10. Qe2 Bxb5 11. Qxb5+ Qxb5 12. Nxb5 Na6 13. Bd2 e6 14. b4 Be7
15. a3 O-O 16. Ne2 Nd5 17. O-O-O e3 18. Be1 Rad8 19. Bg3 Bf6 20. c4 Ndxb4 21.
axb4 Nxb4 22. Bd6 Rfe8 23. Nc7 Rc8 24. Nxe8 Rxe8 25. Bf4 b6 26. Bxe3 Rc8 27.
Rd7 bxc5 28. h4 a5 29. g5 hxg5 30. Bxg5 Bxg5+ 31. hxg5 Nc6 32. g6 Ne5 33. Ra7
Nxg6 34. Rg1 Kh7 35. Rxa5 e5 36. Ra6 Nf8 37. Ra7 Ne6 38. Re7 Rc6 39. Rg4 Kh6
40. Re4 Kg6 41. Nc3 Kf5 42. Rf7+ Kg6 43. Rf2 Nf4 44. Nd5 Ra6 45. Nxf4+ 1-0

[Event "Amay - Rochade "]
[Site "Eupen"]
[Date "2012.09.23"]
[Round "1.6"]
[White "Buscher, Michael"]
[Black "Meessen, Rudolf"]
[Result "1/2-1/2"]
[WhiteElo "2334"]
[BlackElo "2326"]
[PlyCount "26"]
[EventDate "2012.??.??"]

1. d4 Nf6 2. c4 g6 3. Nc3 Bg7 4. e4 d6 5. Nf3 O-O 6. h3 e5 7. dxe5 dxe5 8. Qxd8
Rxd8 9. Bg5 Na6 10. Nd5 Rd6 11. Nxf6+ Bxf6 12. Bxf6 Rxf6 13. Bd3 Rd6 1/2-1/2

[Event "Amay - Rochade"]
[Site "Eupen"]
[Date "2012.09.23"]
[Round "1.2"]
[White "Bok, Benjamin"]
[Black "Dgebuadze, Alexandre"]
[Result "1-0"]
[WhiteElo "2512"]
[BlackElo "2557"]
[PlyCount "93"]
[EventDate "2012.??.??"]

1. e4 e6 2. d4 d5 3. Nd2 Nf6 4. e5 Nfd7 5. c3 c5 6. f4 Nc6 7. Ndf3 Qa5 8. Ne2
f6 9. g3 Be7 10. Bh3 O-O 11. O-O Kh8 12. dxc5 Qxc5+ 13. Ned4 Nxd4 14. cxd4 Qc6
15. Kh1 Nb6 16. a4 f5 17. b3 Qe8 18. Qd3 Nd7 19. g4 Nb8 20. Rg1 Nc6 21. Rg3
fxg4 22. Bxg4 Bd7 23. Bd2 Qg6 24. Qxg6 hxg6 25. Rag1 Rf7 26. Bh3 g5 27. Bf1 g6
28. Bd3 Rg8 29. Nxg5 Bxg5 30. Rxg5 Nxd4 31. Bxg6 Rxg6 32. Rxg6 Nf5 33. h3 d4
34. Kh2 Kh7 35. Bb4 Nh4 36. R6g3 Bc6 37. Rf1 Nf5 38. Rg5 Ne3 39. Rfg1 Bf3 40.
Kg3 Bd1 41. Bd2 Bxb3 42. Bxe3 dxe3 43. Kf3 Kh6 44. R5g4 Kh5 45. Kxe3 Rc7 46.
Rg6 Rh7 47. R1g4 1-0

[Event "Amay - KGSRL"]
[Site "?"]
[Date "2012.12.02"]
[Round "5.5"]
[White "Burg, Twan"]
[Black "Ducarmon, Quinten"]
[Result "1/2-1/2"]
[WhiteElo "2470"]
[BlackElo "2382"]
[PlyCount "74"]
[EventDate "2012.??.??"]

1. e4 c6 2. d4 d5 3. Nc3 dxe4 4. Nxe4 Bf5 5. Ng3 Bg6 6. h4 h6 7. Nf3 Nd7 8. h5
Bh7 9. Bd3 Bxd3 10. Qxd3 e6 11. Bd2 Ngf6 12. O-O-O a5 13. Kb1 Bb4 14. Bc1 a4
15. a3 Be7 16. Ne4 Nxe4 17. Qxe4 Nf6 18. Qe2 Qd5 19. Ne5 Qe4 20. Qf1 b5 21. f3
Qd5 22. Qe1 Nd7 23. Qg3 Bf6 24. Bf4 Nb6 25. Ng4 Nc4 26. Be5 Bxe5 27. dxe5 Qc5
28. c3 Rb8 29. Rhe1 Qe7 30. f4 Rd8 31. Kc2 c5 32. Rxd8+ Qxd8 33. Rd1 Qa8 34.
Kc1 Qe4 35. Re1 Qd5 36. Rd1 Qe4 37. Re1 Qd5 1/2-1/2

[Event "Amay - KGSRL"]
[Site "?"]
[Date "2012.12.02"]
[Round "5.3"]
[White "Prié, Eric"]
[Black "Vandenbussche, Thibaut"]
[Result "1/2-1/2"]
[WhiteElo "2510"]
[BlackElo "2392"]
[PlyCount "36"]
[EventDate "2012.??.??"]

1. d4 d6 2. Bf4 g6 3. Nc3 Bg7 4. Nf3 Nd7 5. Qd2 c5 6. dxc5 Nxc5 7. e4 Bg4 8.
Bb5+ Bd7 9. Bxd7+ Nxd7 10. O-O-O Rc8 11. Nd5 Ngf6 12. Nxf6+ Bxf6 13. Bg5 Bxg5
14. Qxg5 O-O 15. Rhe1 Rc5 16. Rd5 Qc7 17. Rxc5 Nxc5 18. Kb1 Rc8 1/2-1/2

[Event "Amay - KGSRL"]
[Site "?"]
[Date "2012.12.02"]
[Round "5.1"]
[White "Giri, Anish"]
[Black "Michiels, Bart"]
[Result "1-0"]
[WhiteElo "2696"]
[BlackElo "2505"]
[PlyCount "81"]
[EventDate "2012.??.??"]

1. e4 e6 2. d4 d5 3. Nc3 Nf6 4. e5 Nfd7 5. f4 c5 6. Nf3 Nc6 7. Be3 Be7 8. Qd2
b6 9. Nd1 cxd4 10. Nxd4 Bb7 11. Bb5 Qc8 12. Nf2 Nxd4 13. Bxd4 Ba6 14. a4 Bxb5
15. axb5 a6 16. Qe2 axb5 17. Rxa8 Qxa8 18. Qxb5 Bc5 19. c3 Bxd4 20. cxd4 Qa5+
21. Qxa5 bxa5 22. Kd2 Ke7 23. Nd3 Rb8 24. Ra1 Rb5 25. g4 f6 26. h4 fxe5 27.
fxe5 Nb8 28. Rc1 Kd7 29. b3 Rb6 30. g5 g6 31. h5 gxh5 32. Rh1 Nc6 33. Kc3 Ke8
34. Rxh5 Kf7 35. Rxh7+ Kg6 36. Rd7 Rb8 37. Nf4+ Kf5 38. Nxe6 Rh8 39. Rxd5 Rh1
40. Rd6 Nb4 41. Kc4 1-0

[Event "Amay - Fontaine "]
[Site "?"]
[Date "2013.01.13"]
[Round "7.7"]
[White "Memeti, Kastriot"]
[Black "Capone, Nicola"]
[Result "1/2-1/2"]
[WhiteElo "2217"]
[BlackElo "2152"]
[PlyCount "78"]
[EventDate "2013.??.??"]

1. d4 Nf6 2. Nf3 e6 3. Bf4 Be7 4. h3 c5 5. c3 b6 6. e3 Bb7 7. Bd3 d6 8. O-O
Nbd7 9. Bh2 Ne4 10. Nfd2 Nxd2 11. Nxd2 Qc7 12. Re1 h5 13. Be4 Bxe4 14. Nxe4 Qc6
15. Qf3 d5 16. Nd2 Rc8 17. e4 Nf6 18. Be5 Nxe4 19. Nxe4 dxe4 20. Rxe4 f5 21.
Re3 Qxf3 22. Rxf3 Bf6 23. Bxf6 gxf6 24. d5 Rd8 25. dxe6 Rd2 26. Rxf5 Ke7 27.
Re1 Rd6 28. Rf4 Rxe6 29. Rfe4 Rxe4 30. Rxe4+ Kf7 31. Kf1 Rd8 32. Ke2 Rd5 33.
Re3 c4 34. b4 b5 35. f3 Rd6 36. Kf2 Rd2+ 37. Re2 Rd3 38. Re3 Rd2+ 39. Re2 Rd3
1/2-1/2

[Event "Amay - Fontaine "]
[Site "?"]
[Date "2013.01.13"]
[Round "7.5"]
[White "Kleijn, Christov"]
[Black "Wantiez, Fabrice"]
[Result "1-0"]
[WhiteElo "2431"]
[BlackElo "2391"]
[PlyCount "67"]
[EventDate "2013.??.??"]

1. e4 e5 2. Nf3 Nc6 3. Bb5 a6 4. Ba4 Nf6 5. O-O Be7 6. Re1 b5 7. Bb3 d6 8. c3
O-O 9. d3 Nd7 10. Nbd2 Nc5 11. Bd5 Bb7 12. Qe2 Bf6 13. Nf1 Qd7 14. Be3 Rfe8 15.
Rad1 Rab8 16. Ng3 g6 17. d4 Na4 18. Ng5 Nd8 19. dxe5 Bxe5 20. f4 Bg7 21. f5
Bxd5 22. Rxd5 b4 23. cxb4 Rxb4 24. Qg4 Nb6 25. Bxb6 Rxb6 26. Nxh7 c6 27. Nh5
Qe7 28. f6 Qe6 29. fxg7 Kxh7 30. Qh4 gxh5 31. Rxh5+ Kxg7 32. Re3 f6 33. Rh7+
Kf8 34. Qh6+ 1-0

[Event "Amay - Eynatten 2 "]
[Site "?"]
[Date "2013.02.03"]
[Round "8.4"]
[White "Broekmeulen, Jasper"]
[Black "Maes, Valeer"]
[Result "1/2-1/2"]
[WhiteElo "2421"]
[BlackElo "2179"]
[PlyCount "56"]
[EventDate "2013.02.02"]

1. e4 e6 2. d3 d5 3. Nd2 Nf6 4. Ngf3 Nc6 5. c3 Bd6 6. b4 e5 7. Bb2 dxe4 8. dxe4
O-O 9. g3 b6 10. Bg2 Bb7 11. O-O a6 12. Re1 Re8 13. Qb3 Bf8 14. Bf1 Re7 15.
Rad1 Qe8 16. a4 Rd8 17. Ba3 Red7 18. Bh3 Rd3 19. Bf1 R3d7 20. Bh3 Rd3 21. Ng5
Bc8 22. Bxc8 Rxc8 23. Nf1 Rxd1 24. Qxd1 a5 25. f4 axb4 26. cxb4 Bxb4 27. Bxb4
Nxb4 28. Qb3 Nc6 1/2-1/2

[Event "Amay - Eynatten 2 "]
[Site "?"]
[Date "2013.02.03"]
[Round "8.2"]
[White "Tan, Matthew"]
[Black "Balduan, Markus"]
[Result "1-0"]
[WhiteElo "2421"]
[BlackElo "2288"]
[PlyCount "59"]
[EventDate "2013.02.02"]

1. e4 c5 2. Nf3 g6 3. g3 Bg7 4. Bg2 Nc6 5. O-O e5 6. c3 Nge7 7. Na3 O-O 8. Re1
d6 9. d3 h6 10. Nc4 Be6 11. a4 f5 12. exf5 gxf5 13. Nh4 Qd7 14. Qe2 Rad8 15. f4
Kh7 16. a5 Nd5 17. Nf3 Rfe8 18. fxe5 dxe5 19. Qf2 e4 20. dxe4 Nxc3 21. bxc3
Bxc4 22. Bh3 Bxc3 23. Bxf5+ Qxf5 24. exf5 Bxe1 25. Nxe1 Rd1 26. Bb2 Rexe1+ 27.
Qxe1 Rxe1+ 28. Rxe1 Nxa5 29. Re8 Bg8 30. Re7+ 1-0